<?xml version="1.0" encoding="UTF-8"?>
<record
    xmlns:xsi="http://www.w3.org/2001/XMLSchema-instance"
    xsi:schemaLocation="http://www.loc.gov/MARC21/slim http://www.loc.gov/standards/marcxml/schema/MARC21slim.xsd"
    xmlns="http://www.loc.gov/MARC21/slim">

  <leader>00487nam a22001577a 4500</leader>
  <controlfield tag="003">OSt</controlfield>
  <controlfield tag="005">20151001094602.0</controlfield>
  <controlfield tag="008">151001b        xxu||||| |||| 00| 0 eng d</controlfield>
  <datafield tag="040" ind1=" " ind2=" ">
    <subfield code="c">RUA</subfield>
  </datafield>
  <datafield tag="082" ind1=" " ind2=" ">
    <subfield code="a">AVM &#x179F;&#x17C6; 1992 B065  Or.1</subfield>
  </datafield>
  <datafield tag="100" ind1=" " ind2=" ">
    <subfield code="9">1649</subfield>
    <subfield code="a">&#x179F;&#x17C6; &#x1793;&#x17B7;&#x179F;&#x17D2;&#x179F;&#x17D0;&#x1799;</subfield>
  </datafield>
  <datafield tag="245" ind1=" " ind2=" ">
    <subfield code="a">&#x1787;&#x1798;&#x17D2;&#x1784;&#x17BA;&#x1794;&#x17BC;&#x179F;&#x1781;&#x17D2;&#x1799;&#x179B;&#x17CB;&#x1782;&#x17C4; &#x1780;&#x17D2;&#x179A;&#x1794;&#x17B8; &#x1793;&#x17C5;&#x1794;&#x17D2;&#x179A;&#x1791;&#x17C1;&#x179F;&#x1780;&#x1798;&#x17D2;&#x1796;&#x17BC;&#x1787;&#x17B6;</subfield>
  </datafield>
  <datafield tag="260" ind1=" " ind2=" ">
    <subfield code="a">Phnom Penh</subfield>
    <subfield code="b">RUA</subfield>
    <subfield code="c">1992</subfield>
  </datafield>
  <datafield tag="300" ind1=" " ind2=" ">
    <subfield code="a">102p.</subfield>
    <subfield code="b">ill.</subfield>
    <subfield code="c">29cm.</subfield>
  </datafield>
  <datafield tag="942" ind1=" " ind2=" ">
    <subfield code="2">ddc</subfield>
    <subfield code="c">AVM</subfield>
  </datafield>
  <datafield tag="999" ind1=" " ind2=" ">
    <subfield code="c">1557</subfield>
    <subfield code="d">1557</subfield>
  </datafield>
  <datafield tag="952" ind1=" " ind2=" ">
    <subfield code="0">0</subfield>
    <subfield code="1">0</subfield>
    <subfield code="2">ddc</subfield>
    <subfield code="4">0</subfield>
    <subfield code="6">AVM_&#x179F;&#x17C6;_1992_000000000000000_B065_OR_1</subfield>
    <subfield code="7">0</subfield>
    <subfield code="9">6971</subfield>
    <subfield code="a">LBB</subfield>
    <subfield code="b">LBB</subfield>
    <subfield code="c">B065</subfield>
    <subfield code="d">2015-10-01</subfield>
    <subfield code="o">AVM &#x179F;&#x17C6; 1992 B065  Or.1</subfield>
    <subfield code="p">RUA007253</subfield>
    <subfield code="r">2015-10-01</subfield>
    <subfield code="w">2015-10-01</subfield>
    <subfield code="y">AVM</subfield>
  </datafield>
  <datafield tag="952" ind1=" " ind2=" ">
    <subfield code="0">0</subfield>
    <subfield code="1">0</subfield>
    <subfield code="2">ddc</subfield>
    <subfield code="4">0</subfield>
    <subfield code="6">AVM_&#x179F;&#x17C6;_1992_000000000000000_B065_OR_2</subfield>
    <subfield code="7">0</subfield>
    <subfield code="9">6972</subfield>
    <subfield code="a">LBB</subfield>
    <subfield code="b">LBB</subfield>
    <subfield code="c">B065</subfield>
    <subfield code="d">2015-10-01</subfield>
    <subfield code="o">AVM &#x179F;&#x17C6; 1992 B065  Or.2</subfield>
    <subfield code="p">RUA007331</subfield>
    <subfield code="r">2015-10-01</subfield>
    <subfield code="w">2015-10-01</subfield>
    <subfield code="y">AVM</subfield>
  </datafield>
  <datafield tag="952" ind1=" " ind2=" ">
    <subfield code="0">0</subfield>
    <subfield code="1">0</subfield>
    <subfield code="2">ddc</subfield>
    <subfield code="4">0</subfield>
    <subfield code="6">AVM_&#x179F;&#x17C6;_1992_000000000000000_B065_OR_3</subfield>
    <subfield code="7">0</subfield>
    <subfield code="9">6973</subfield>
    <subfield code="a">LBB</subfield>
    <subfield code="b">LBB</subfield>
    <subfield code="c">B065</subfield>
    <subfield code="d">2015-10-01</subfield>
    <subfield code="o">AVM &#x179F;&#x17C6; 1992 B065  Or.3</subfield>
    <subfield code="p">RUA008066</subfield>
    <subfield code="r">2015-10-01</subfield>
    <subfield code="w">2015-10-01</subfield>
    <subfield code="y">AVM</subfield>
  </datafield>
  <datafield tag="952" ind1=" " ind2=" ">
    <subfield code="0">0</subfield>
    <subfield code="1">0</subfield>
    <subfield code="2">ddc</subfield>
    <subfield code="4">0</subfield>
    <subfield code="6">AVM_&#x179F;&#x17C6;_1992_000000000000000_B065_OR_4</subfield>
    <subfield code="7">0</subfield>
    <subfield code="9">6974</subfield>
    <subfield code="a">LBB</subfield>
    <subfield code="b">LBB</subfield>
    <subfield code="c">B065</subfield>
    <subfield code="d">2015-10-01</subfield>
    <subfield code="o">AVM &#x179F;&#x17C6; 1992 B065  Or.4</subfield>
    <subfield code="p">RUA007388</subfield>
    <subfield code="r">2015-10-01</subfield>
    <subfield code="w">2015-10-01</subfield>
    <subfield code="y">AVM</subfield>
  </datafield>
  <datafield tag="952" ind1=" " ind2=" ">
    <subfield code="0">0</subfield>
    <subfield code="1">0</subfield>
    <subfield code="2">ddc</subfield>
    <subfield code="4">0</subfield>
    <subfield code="6">AVM_&#x179F;&#x17C6;_1992_000000000000000_B065_OR_5</subfield>
    <subfield code="7">0</subfield>
    <subfield code="9">6975</subfield>
    <subfield code="a">LBB</subfield>
    <subfield code="b">LBB</subfield>
    <subfield code="c">B065</subfield>
    <subfield code="d">2015-10-01</subfield>
    <subfield code="o">AVM &#x179F;&#x17C6; 1992 B065  Or.5</subfield>
    <subfield code="p">RUA007110</subfield>
    <subfield code="r">2015-10-01</subfield>
    <subfield code="w">2015-10-01</subfield>
    <subfield code="y">AVM</subfield>
  </datafield>
  <datafield tag="952" ind1=" " ind2=" ">
    <subfield code="0">0</subfield>
    <subfield code="1">0</subfield>
    <subfield code="2">ddc</subfield>
    <subfield code="4">0</subfield>
    <subfield code="6">AVM_&#x179F;&#x17C6;_1992_000000000000000_B065_OR_6</subfield>
    <subfield code="7">0</subfield>
    <subfield code="9">6976</subfield>
    <subfield code="a">LBB</subfield>
    <subfield code="b">LBB</subfield>
    <subfield code="c">B065</subfield>
    <subfield code="d">2015-10-01</subfield>
    <subfield code="o">AVM &#x179F;&#x17C6; 1992 B065  Or.6</subfield>
    <subfield code="p">RUA007259</subfield>
    <subfield code="r">2015-10-01</subfield>
    <subfield code="w">2015-10-01</subfield>
    <subfield code="y">AVM</subfield>
  </datafield>
</record>
